000 00469nam a2200193Ia 4500
005 20240823013841.0
008 240823s9999||||xx |||||||||||||| ||und||
020 _a81-7409-011-8
041 _aENGLISH
082 _A621.317 P0
100 _aSen P C
245 0 _aModen Power Electronics
250 _a2nd
260 _c2000
_bS chand New D
_aNew Delhi
500 _aTRANSFERED
650 _aPower Electronics
_bInstrumentation
942 _cBK
999 _c168405
_d168405